000 00274nam a22001217a 4500
008 170904b xxu||||| |||| 00| 0 eng d
041 _aeng
080 _29 ED
_a070
100 _a40
101 _aMED
245 _aSUCCESSFUL WRITING AT WORK
_cKOLIN.P
942 _2udc
_cBK
999 _c26081
_d26081